Géographie de l'Asie par lettre - N - Statistiques

Statistiques générales
  • Ce quiz a été pris 163 fois
  • Le résultat moyen est 7 sur 20
Statistiques - réponses
Indice Réponse % Correct
Pays de l'Himalaya Le Népal
99%
Port japonais qui a connu la bombe atomique Nagasaki
96%
La Corée du Nord teste régullièrement ce type d'armement depuis 2006 Des armes {Nucléaires}
91%
Capitale de Chypre Nicosie
80%
Nom de famille de 40% des vietnamiens Nguyen
64%
Ancienne capitale de la Chine où eu lieu un brutal massacre en 1937 Nankin
49%
La capitale du Kazakhstan fut brièvement renommée d'après son prénom Noursoultan Nazarbaïev
43%
Nom du Japon en japonais Nihon
32%
Ville dont le nom signifie "Nouvelle Sibérie" Novossibirsk
31%
Désert du sud d'Israël Le Néguev
27%
Terme arabe désignant l'exode massif palestinien de 1948 La Nakba
20%
État du sud de l'Inde et dont Chennai est la capitale Le Tamil {Nadu}
16%
Future capitale de l'Indonésie en pleine jungle Nusantara
13%
Capitale d'Okinawa Naha
11%
Archipel de la mer d'Andaman Nicobar
10%
Montagne la plus haute entièrement au Pakistan et deuxième sommet du pays après le K2 {Nanga} Parbat
8%
Ancienne cité de Mésopotamie qui donne son nom à une actuelle province de l'Irak Ninive
8%
Peuple arabe antique commerçant pré-islamique ayant pour capitale la cité de Pétra en Jordanie Les Nabatéens
6%
Quatrième île par la superficie des Philippines comptant 4,2 millions d'habitants Negros
6%
Fête traditionnelle du nouvel an persan Norouz
2%
Aucun quiz correspondant
Distribution des résultats
% des personnes avec chaque résultat
Percentile par nombre de réponses
Votre historique - résultats
Vous n’avez pas pris ce quiz